=LDR 00000nam 2200000 4500 =001 INLIS000000000024512 =005 20200811012318 =035 ##$$a 0010-061300000024512 =008 200811################g##########0#ger## =041 ##$$a Ind =082 ##$$a 2X9.01 =090 ##$$a 2X9.01, Ath d =100 ##$$a Ath Thontowi, Ali =245 1#$$a Dari kudus ke jurusalem /$c Ali Ath Thantowi =260 ##$$a Surakarta :$b Pustaka Progressif,$c 1992 =300 ##$$a 64 hlm. ; $c 16 x 11 cm. =650 #4$$a Islam sejarah =850 ##$$a NBPNMAT =084 ##$$a 2X9.01 ATH d =250 ##$$a cet. 1 =990 ##$$a 00044485 =990 ##$$a 00044486 =990 ##$$a 00044487 =990 ##$$a 121.389/pro-97 =990 ##$$a 00044485 =990 ##$$a 00044487 =990 ##$$a 00044485 =990 ##$$a 121.389/pro-97 =990 ##$$a 00044487 =990 ##$$a 121.390/pro-97 =990 ##$$a 00044485 =990 ##$$a 121.389/pro-97